00847nam a2200205Ia 4500008004100000020001800041050001900059082002000078100003100098245005700129250001100186260002300197300003600220650005800256942000700314952010100321952010100422952010100523999001700624120905s9999 xx 000 0 und d a968-24-3915-9 aTP548 A48 1991 a663.2 A48v 1991 aÁlvarez Asperó, José aLa viña, la vid y el vino / José Álvarez Asper a3a ed. aMéxico : Trillas a352 p.; il. col., mapas, 25 cm. a1. Vinicultura2. Viticultura 3. Vinos e industria Ì cLB 00102lcc4070a13b13d2010-09-15l0oSB395 A48 1991p13 001793r2012-09-05t1w2012-09-05yLB 00102lcc4070a13b13d2016-05-25l0oSB395 A48 1991p13 003825r2025-04-01t2w2016-05-25yLB 00102lcc4070a13b13d2016-05-25l0oSB395 A48 1991p13 003826r2016-05-25t3w2016-05-25yLB c84293d84293